00431nam a22001457a 4500003000500000005001700005008004100022020001800063050002400081100001800105245005200123250001800175260004600193300004600239PILC20160928093111.0150928b xxu||||| |||| 00| 0 eng d a9789710165100 aHF 5635b.B188 2015 aBallada, Win. aBasic accounting /cWin Ballada, Susan Ballada. a20th edition. aPhilippines :bDomDane Publishers,c2015. axxx, 567 pages :billustrations ;c26 cm.